000 01414nam a22002417a 4500
001 3418
003 FISKH
005 20251030163125.0
008 240304b cb ||||| |||| 00| 0 eng d
020 _a9781316611012
040 _aFISKH
_beng
_cFISKH
_dFISKH
050 _aPZ7
082 _a421
100 _aBoard, Jon
245 _aCambridge primary Science skills builder 2 /
_cJon Board and Alan Cross
260 _aNew York :
_bCambridge,
_c2016.
300 _a52 pages :
_billustrations ;
_c28 cm
520 _aThe Challenge and Skills Builders are differentiated activity books to be used alongside the Cambridge Primary Science course. Cambridge Primary Science is a flexible and engaging course written specifically for the Cambridge Primary Science Curriculum Stages 1 to 6. The course uses an enquiry-led approach that helps pupils to think and work scientifically. Skills Builders provide consolidation activities for children who need extra learning opportunities to meet the standard for success. They also focus on scientific literacy for ESL children who find this a barrier to learning. A full range of activities help raise a child's scientific literacy and understanding to match their peers, with teacher/parental guidance on key scientific methods and concepts before each exercise.
650 _aScience
700 _aCross, Alan
_eAuthor
942 _2ddc
_cBK
_n0
999 _c3418
_d3418